K niektorým koncepčným a metodologickým otázkam informačného zabezpečenia vnútropodnikového chozrasčotu účtovníctvom a možnosti jeho zdokonalenia v duchu prestavby hospodárskeho mechanizmu v ČSSR

Uložené v:
Podrobná bibliografia
Hlavný autor: Maděra, František
Médium: Kapitola
Jazyk:Slovak
Tagy: Pridať tag
Žiadne tagy, Buďte prvý, kto otaguje tento záznam!

MARC

LEADER 00000naa$a2200000$$$4500
001 0109231
005 20240502072215.9
041 0 |a slo 
044 |a SK 
245 1 0 |a K niektorým koncepčným a metodologickým otázkam informačného zabezpečenia vnútropodnikového chozrasčotu účtovníctvom a možnosti jeho zdokonalenia v duchu prestavby hospodárskeho mechanizmu v ČSSR  |c František Maděra 
100 1 |a Maděra, František